00778nam a2200157Ia 4500008004100000020001800041041000800059082002800067100003300095245003200128260004800160300000900208999001900217952019200236952019200428230411s9999 xx 000 0 und d a81-86793-41-0 aeng aOP/617.7/BAS/DAD/B01565 aBasak Samar & Dada V9176951 aEssentials of Ophthalmology bCurrent Books InternationalaCalcuttac1999 a369p c152881d152881 001040708OPaBTINbBTINd2003-10-19eB.J.Medical Co-oprative College Storesg150.00iJ-10l0oOP 617.7 BAS DAD B01565pBTIN-BK-1565r2023-04-11 00:00:00v115.00w2003-09-19yBKzB01565 001040708OPaBTINbBTINd2003-11-19eB.J.Medical Co-oprative College Storesg150.00iJ-10l0oOP 617.7 BAS DAD B01638pBTIN-BK-1638r2023-04-11 00:00:00v115.00w2003-09-19yBKzB01638